000 ncm a22 a 4500
999 _c365365
_d365365
003 BLK
005 20200529170720.0
008 200529b bu ||||| |||| 00| 0 bu d
040 _aBLK
041 _aBUL
_cBUL
080 _aОбой, английски рог, любовен обой.
_b788.7
_z788.7
139 _aКонцертни дуети за обой [Нотирана музика]
_bК 84
245 _aКонцертни дуети за обой [Нотирана музика]
_cсъстав. и ред. Петър Гузелски и Георги Желязов
260 _9209430
_aСофия
_bМузика
_c1980
_n978-954-405-
300 _a68 с. : с ноти
_c34 см
380 _a7
500 _aСъдържа: дуети от Франсоа Гарние, Карл Бергт и Фриц Флеминг
650 7 _9164433
_aОбой - пиеси
700 _9674
_aГарние, Франсоа
_eмузика
700 _9674
_aБергт, Карл
_eмузика
700 _9674
_aФлеминг, Фриц
_eмузика
852 _aЦб М ІІ 7636
_bЦб
942 _2udc
_cNOT
_n0
_s1
944 _aCR
_c2020-05-29
_kГГГ